000
00335 a2200157 4500
001
57823
020
_a
040
_c
Anchieta - Pituba
100
_a
Green, Henry Graham
240
1
0
_a
Nosso homem em havana
_l
por
245
1
0
_a
Nosso homem em havana
300
_a
283
362
0
_a
1972
650
4
_a
Ficção inglesa
942
_c
BK
999
_c
57823
_d
57823